| Поле | Инд. | ПП | Название | Значение |
|---|---|---|---|---|
| Тип записи | a | |||
| Библиографический уровень | b | |||
| 001 | Контрольный номер | RU/IS/BASE/457196324 | ||
| 005 | Дата корректировки | 20200526074534.8 | ||
| 008 | Кодируемые данные | 20140627 | ||
| 040 | b | Код языка каталог. | rus | |
| e | Правила каталог. | PSBO | ||
| 041 | 0_ | a | Код языка текста | rus |
| 084 | a | Индекс другой классификации/Индекс ББК | 65.268.61; 65.5 | |
| 100 | 1_ | a | Автор | Кондратов Д. И. |
| q | Полное имя | Кондратов Дмитрий Игоревич | ||
| 245 | 10 | a | Заглавие | Международный рынок евро: проблемы и перспективы развития |
| 504 | a | Библиография | Лит. в конце статьи | |
| 520 | 0_ | a | Аннотация | Исследуются перспективы единой европейской валюты в мире и вырабатывается стратегическая составляющая оживления европейской экономики, связанная с развитием рынка евро. В исследовании делается вывод о том, что по мере вхождения новых стран в зону евро большинство стран с переходной экономикой уходят от долларовой ориентации в пользу реализации контрактов и расчетов в евро. |
| 650 | 14 | a | Основная рубрика | международные валютные отношения |
| a | Основная рубрика | международные финансовые отношения | ||
| a | Основная рубрика | мировая экономика | ||
| a | Основная рубрика | финансы | ||
| a | Основная рубрика | экономика | ||
| 653 | 1_ | a | Ключевые слова | валютные резервы |
| a | Ключевые слова | валютный рынок | ||
| a | Ключевые слова | государственные финансы | ||
| a | Ключевые слова | государственный бюджет | ||
| a | Ключевые слова | евро | ||
| a | Ключевые слова | Европейский центральный банк | ||
| a | Ключевые слова | запасы нефти | ||
| a | Ключевые слова | зона евро | ||
| a | Ключевые слова | кредитно-денежная политика | ||
| a | Ключевые слова | мировая валюта | ||
| a | Ключевые слова | монетарная политика | ||
| a | Ключевые слова | Россия | ||
| a | Ключевые слова | финансовая политика | ||
| a | Ключевые слова | финансовый кризис | ||
| a | Ключевые слова | финансовый рынок | ||
| a | Ключевые слова | экономический кризис | ||
| a | Ключевые слова | энергетические запасы | ||
| 773 | 08 | t | Заглавие источника | Экономический журнал ВШЭ |
| d | Дата издания источника | 2013 | ||
| g | Прочая информация | Т. 17, № 2. - С. 264 - 300 : граф., табл. | ||
| w | Контрольный № источника | RU/IS/BASE/425146877 | ||
| 901 | t | Тип документа | b |